LIBRARY & INFORMATION CENTRE, KCAET, TAVANUR

ONLINE PUBLIC ACCESS CATALOGUE (OPAC)

Programming with FORTRAN 77 / (Record no. 110)

MARC details
000 -LEADER
fixed length control field 00440cam a2200181ua 4500
003 - CONTROL NUMBER IDENTIFIER
control field @
003 - CONTROL NUMBER IDENTIFIER
control field OSt
008 - FIXED-LENGTH DATA ELEMENTS--GENERAL INFORMATION
fixed length control field 241028b |||||||| |||| 00| 0 eng d
020 ## - INTERNATIONAL STANDARD BOOK NUMBER
ISBN 0-07-451859-3
041 ## - LANGUAGE CODE
Language code of text/sound track or separate title eng
082 ## - DEWEY DECIMAL CLASSIFICATION NUMBER
Classification number 005.133
Item number RAM/PR
100 ## - MAIN ENTRY--AUTHOR NAME
Personal name Ramkumar, .
245 ## - TITLE STATEMENT
Title Programming with FORTRAN 77 /
250 ## - EDITION STATEMENT
Edition statement 1 /
260 ## - PUBLICATION, DISTRIBUTION, ETC. (IMPRINT)
Place of publication New Delhi :
Name of publisher Tata Mc-Graw Hill Publishing Company ,
Year of publication 2000.
300 ## - PHYSICAL DESCRIPTION
Number of Pages 386 ; .
942 ## - ADDED ENTRY ELEMENTS (KOHA)
Koha item type Books
Holdings
Withdrawn status Lost status Damaged status Home library Current library Date acquired Full call number Accession Number Koha item type
      KAUAET   07/04/2012 005.133 19358 Books
Withdrawn     KAUAET KAUAET 07/04/2012 005.133 19071 Books
      KAUAET KAUAET 07/04/2012 005.133 19073 Books
      KAUAET KAUAET 07/04/2012 005.133 19072 Books
      KAUAET KAUAET 07/04/2012 005.133 16876 Books
free website counter